Metro 2034 /
Katastrofický sci-fi román z nedaleké budoucnosti volně navazuje na úspěšný titul Metro 2033.
Uloženo v:
| Série: | Metro,
část 2 |
|---|---|
| Hlavní autor: | |
| Další autoři: | |
| Médium: | E-kniha |
| Jazyk: | Czech |
| Vydáno: |
Praha :
Euromedia Group,
2022
|
| Vydání: | Vydání čtvrté |
| Edice: | Sci-fi (Laser)
|
| Témata: | |
| Příbuzné jednotky: | Z cyklu::
Metro |
| Tagy: |
Žádné tagy |
| LEADER | 02734nam a2200493 i 4500 | ||
|---|---|---|---|
| 001 | 297319 | ||
| 003 | CZ PrSKC | ||
| 005 | 20260407070838.0 | ||
| 007 | ta | ||
| 008 | 220623s2022 xr g 000 f cze | ||
| 015 | |a cnb003393654 | ||
| 020 | |a 9788024280448 |q (vázáno) | ||
| 035 | |a (OCoLC)1357139135 | ||
| 040 | |a ABG001 |b cze |d ABA001 |e rda | ||
| 041 | 1 | |a cze |h rus | |
| 072 | 7 | |a 821.161.1 |x Ruská literatura, rusky psaná |2 Konspekt | |
| 080 | |a 821.161.1-31 |2 MRF | ||
| 080 | |a (0:82-311.9) |2 MRF | ||
| 100 | 1 | |a Gluchovskij, Dmitrij Aleksejevič, |d 1979- |7 xx0116739 |4 aut | |
| 240 | 1 | 0 | |a Metro 2034. |l Česky |
| 245 | 1 | 0 | |a Metro 2034 / |c Dmitry Glukhovsky ; z ruského originálu Metro 2034 ... přeložil Rudolf Řežábek |
| 250 | |a Vydání čtvrté | ||
| 264 | 1 | |a Praha : |b Euromedia Group, |c 2022 | |
| 300 | |a 339 stran ; |c 21 cm | ||
| 336 | |a text |b txt |2 rdacontent | ||
| 337 | |a bez média |b n |2 rdamedia | ||
| 338 | |a svazek |b nc |2 rdacarrier | ||
| 490 | 1 | |a Sci-fi | |
| 500 | |a Na obálce uveden nakladatel: Laser | ||
| 520 | 2 | |a Katastrofický sci-fi román z nedaleké budoucnosti volně navazuje na úspěšný titul Metro 2033. |b Po celosvětové jaderné katastrofě se lidé z Moskvy, kteří náhodou zůstali naživu, skrývají na stanicích podzemky. Na povrch nemůžou, protože je radiace dosud příliš silná, a navíc nahoře bydlí podivné zmutované obludy. Nemají ani spojení s jinými lidmi jinde na světě a dokonce ani nevědí, jestli ještě někdo někde přežil. Když se pokoušejí spojit rádiem s jinými městy, ozývá se jen nějaké podivné vytí a šumění. Snaží se tedy vyjít s tím co mají, zakládají v podzemí žampionové farmy a prasečince, jednotlivé stanice metra se postupně mění v malé státy. Ale jak se zmenšuje jejich svět, redukuje se i jejich morálka. City střídají pudy, ze všeho nejdůležitější je přežít. | |
| 655 | 7 | |a ruské romány |7 fd133320 |2 czenas | |
| 655 | 7 | |a vědecko-fantastické romány |7 fd133847 |2 czenas | |
| 655 | 9 | |a Russian fiction |2 eczenas | |
| 655 | 9 | |a science fiction novels |2 eczenas | |
| 700 | 1 | |a Řežábek, Rudolf, |d 1944- |7 ola2003198081 |4 trl | |
| 787 | 0 | 8 | |i Z cyklu: |t Metro |g 2 |
| 830 | 0 | |a Sci-fi (Laser) | |
| 900 | |a ABA001 |b 20 | ||
| 928 | 9 | |a Euromedia Group - Laser | |
| 928 | 9 | |a Laser | |
| 044 | |a xr | ||
| 910 | |a RBIT002 | ||
| 998 | |d 171894 |a https://core.palmknihy.cz/api/books/171894/cover?sr5op6 |b https://core.palmknihy.cz/api/books/171894/cover/400?sr5op6 |c https://core.palmknihy.cz/api/books/171894/cover/50?sr5op6 |e 2026-08-30 |g 304 |i 9788024280448 |j https://core.palmknihy.cz/api/books/171894/preview.epub |l |q 49 |r 1 |s https://www.palmknihy.cz/kniha/171894 |t ebook |y 2022 |z 0 |v Metro |w 2 | ||
| 999 | |d 297317 | ||